00675nam a2200193 a 4500001001000000005001700010008004100027050002100068245007200089260003200161300003200193504003100225650002800256650003300284700003600317942001100353999001500364952010200379BRCA_144820190320203431.0290805s1990----mx-a---f##---#000-0#spa-# 4aN8243b.C66 199010aLa concha nácar en MéxicocVirgina Armella de Aspe ... [et al]. aMéxicobGrupo GUTSAc1990 a197 p.bil. a colorc29 cm. aBibliografía: p. 190-19714aConchaszMéxico9474314aArtesaníaszMéxico939761 aArmella de Aspe, Virginia92324 2lcccB c1310d1310 00104070aBRCAbBRCAd2008-06-26l0oN8243 .C66 1990p01975r2019-03-22 00:00:00w2019-03-22yB